|
|
|
|
| LEADER |
00837nam a22001817a 4500 |
| 008 |
170420b xxu||||| |||| 00| 0 eng d |
| 999 |
|
|
|c 17633
|d 17633
|
| 082 |
|
|
|a P 823.01
|b MAT/VAG
|
| 100 |
|
|
|a മാത്യൂസ്, ബാര്ബരാ
|
| 240 |
|
|
|a Ente priyapetta 101 rakkathakalum kananayakshikalum
|
| 245 |
|
|
|a എന്റെ പ്രിയപ്പെട്ട101 രാക്കഥകളും കാനനയക്ഷികളും /
|c ബാര്ബരാ മാത്യൂസ്
|
| 250 |
|
|
|a 1st ed.
|
| 260 |
|
|
|a തിരുവനന്തപുരം :
|c 1997.
|
| 300 |
|
|
|a 285p.
|
| 650 |
|
|
|a English Story
|
| 700 |
|
|
|a Mathews, Barbara
|
| 942 |
|
|
|2 ddc
|c REF
|
| 952 |
|
|
|0 0
|1 0
|2 ddc
|4 0
|5 1
|6 P_823_010000000000000_MAT_VAG
|7 0
|9 24731
|a MAIN
|b MAIN
|d 2017-04-20
|e Gift
|g 100.00
|o P 823.01 MAT/VAG
|p 25215
|r 2017-04-20
|w 2017-04-20
|y REF
|